000 00499nam a2200181Ia 4500
005 20250326125559.0
008 250326s9999 xx 000 0 und d
037 _aTextbook
040 _aFMSL
_beng
_cFMSL
041 _aeng
_2eng
084 _aX:517.44 K7
_qFMSL
100 _aHazari R K
245 0 _aMonopolies and their regulations in India
_cHazari R K
260 _aBombay
_bBombay, Popular
_c1967
300 _a46p
942 _cTB
_hX:517.44 K7
999 _c1278664
_d1278664